Crónica de San Luis, Rey de Francia, nieto del Rey D. Alfonso el VIII de Castilla / (Record no. 156391)
[ view plain ]
| 000 -LEADER | |
|---|---|
| campo de control de longitud fija | 01128nam a22002295i 4500 |
| 001 - NÚMERO DE CONTROL | |
| campo de control | 156391 |
| 003 - IDENTIFICADOR DE NÚMERO DE CONTROL | |
| campo de control | ES-MaACL |
| 005 - FECHA Y HORA DE LA ÚLTIMA TRANSACCIÓN | |
| campo de control | 20230906210410.0 |
| 008 - DATOS DE LONGITUD FIJA--INFORMACIÓN GENERAL | |
| campo de control de longitud fija | 951211s1794 sp |||| | spa d |
| 040 ## - FUENTE DE CATALOGACIÓN | |
| Centro catalogador/agencia de origen | EUS |
| Lengua de catalogación | spa |
| Centro/agencia transcriptor | EUS |
| 100 1# - ENTRADA PRINCIPAL--NOMBRE DE PERSONA | |
| Nombre de persona | Joinville, Jean de. |
| 9 (RLIN) | 128331 |
| 245 10 - MENCIÓN DEL TÍTULO | |
| Título | Crónica de San Luis, Rey de Francia, nieto del Rey D. Alfonso el VIII de Castilla / |
| Mención de responsabilidad, etc. | compuesta en francés por el señor de Joinville ; traducida al castellano ... por Jacques Ledel ... ; impresa en Toledo por Francisco de Guzmán en el año de 1567 y ahora nuevamente publicada con un discurso preliminar y varias notas ... por Josef Cornide de Saavedra. |
| 260 ## - PUBLICACIÓN, DISTRIBUCIÓN, ETC. | |
| Lugar de publicación, distribución, etc. | En Madrid : |
| Nombre del editor, distribuidor, etc. | en la imprenta de Sancha, |
| Fecha de publicación, distribución, etc. | 1794. |
| 300 ## - DESCRIPCIÓN FÍSICA | |
| Extensión | [2], LXIV, 423 p., [1] h. de grab., [1] h. de map. pleg. : |
| Otras características físicas | grab. ; |
| Dimensiones | 4º. |
| 597 #1 - NOTA DE DESCRIPCIÓN FÍSICA | |
| NOTA DE DESCRIPCIÓN FÍSICA | Sign.: a-h4, i2, A-Z4, 2A-2Z4, 3A-3G4. |
| 599 #1 - NOTA A LAS ILUSTRACIONES | |
| NOTA A LAS ILUSTRACIONES | Grab. calc.: "J. Ximeno f.ts" |
| 600 14 - PUNTO DE ACCESO ADICIONAL DE MATERIA--NOMBRE DE PERSONA | |
| Nombre de persona | Luis |
| Numeración | IX |
| Títulos y otros términos asociados al nombre | Rey de Francia, Santo. |
| 9 (RLIN) | 156697 |
| 700 1# - ENTRADA AGREGADA--NOMBRE PERSONAL | |
| Nombre de persona | Ledel, Jacques. |
| 9 (RLIN) | 128829 |
| 700 1# - ENTRADA AGREGADA--NOMBRE PERSONAL | |
| Nombre de persona | Cornide, José ( |
| Fechas asociadas al nombre | 1734-1803) |
| 9 (RLIN) | 126585 |
| 852 ## - LOCALIZACIÓN | |
| Ubicación | ES-MaACL |
| Número de control de estantería | R-835 |
| Nota libre | -- Enc. hol. |
| Encuadernación | Olim: G-733 |
| Estatus retirado | Estado de pérdida | Estado de daño | No para préstamo | Colección | Biblioteca de origen | Biblioteca actual | Ubicación en estantería | Fecha de adquisición | Fuente de adquisición | Total de préstamos | Signatura topográfica completa | Código de barras | Visto por última vez | Precio de reemplazo | Tipo de ítem Koha |
|---|---|---|---|---|---|---|---|---|---|---|---|---|---|---|---|
| Libros del s. XVIII | Biblioteca del Ateneo de Madrid | Biblioteca del Ateneo de Madrid | Depósito | 17/01/2008 | R-835 | 1163619 | 23/02/2023 | 23/02/2023 | Libro impreso antiguo |
